A builder's guide to wells and septic systems
| Main Author: | |
|---|---|
| Format: | Book |
| Language: | English |
| Published: |
New York :
McGrawHill ,
2010
|
| Edition: | 2nd ed. |
| Subjects: |
MARC
| LEADER | 00000cam a2200000 7i4500 | ||
|---|---|---|---|
| 001 | 0000023920 | ||
| 005 | 20111117.0 | ||
| 008 | 111116s nyua eng | ||
| 020 | |a 9780071625975 , |c RM176.83 | ||
| 040 | |a INS | ||
| 090 | 0 | 0 | |a TD405 |b W66 2010 |
| 100 | 1 | |a Woodson, R.Dodge | |
| 245 | 1 | 2 | |a A builder's guide to wells and septic systems |c R.Dodge Woodson |
| 250 | |a 2nd ed. | ||
| 260 | |a New York : |b McGrawHill , |c 2010 | ||
| 300 | |a xviii, 285p. : |b ill. ; |c 23cm. | ||
| 500 | |a Includes index | ||
| 650 | 0 | |a Septic tanks | |
| 650 | 0 | |a Wells | |
| 999 | |a 1000000465 |b BOOK |c Open Shelf |e Default branch | ||